Stare i nowe /

Uložené v:
Podrobná bibliografia
Hlavný autor: Rudnicki, Lucjan, 1882-1968 (Author)
Médium: Kniha
Jazyk:Polish
Vydané: Praha : Państwowe Wydawnictwo Pedagogiczne, 1954.
Vydanie:1. wyd.
ISBN: (viaz.)
Fyzický popis: 125 s.
Tagy: Pridať tag
Žiadne tagy, Buďte prvý kto otaguje tento záznam!

MARC

LEADER 00000nam a22000004a 4500
001 000508708
005 20160608102632.0
008 160608s1954 xr e pol d
020 |a (viaz.)  |c Kčs 7,80 
040 |a SVKKK  |b slo  |c SVKKK  |e AACR2 
041 0 |a pol 
044 |a xr  |c CZ 
100 1 |a Rudnicki, Lucjan,  |d 1882-1968  |4 aut 
245 1 0 |a Stare i nowe /  |c Lucjan Rudnicki. 
250 |a 1. wyd. 
260 |a Praha :  |b Państwowe Wydawnictwo Pedagogiczne,  |c 1954. 
300 |a 125 s. 
910 |a svkkk 
998 |a BK 
090 |g SCKHL  |k Sklad Pribinova 2. posch.  |a III.31275  |j 70578  |i 508708-10  |4 Zastarané  |s Vyradená